Leader xxxxxxxxxx
001 __ PCLIS00046272
005 __ 20090731141544.0008
010 0_ |a9789861734613|b平裝|dNT$260
020 __ |atw|b97023848
042 __ |anbic
042 __ |anbic
050 __ |a002013055
100 __ |a20081210d2009 k y0chiy09 e
101 0_ |achi
102 __ |atw
105 __ |aa z 000yy
200 1_ |a面對|e小金剛世代與野草莓世代的深情對話|f小野, 李亞文
205 __ |a初版
210 __ |a臺北市|c麥田出版|c家庭傳媒城邦分公司發行|d民98.01
215 0_ |a199面|c圖|d21公分
225 1_ |a小野作品集|v24
300 __ |a
314 __ |a小野本名李遠
517 1_ |a小金剛世代與野草莓世代的深情對話|zchi
681 __ |a855|b847
700 _1 |a李|b遠|4
701 _1 |a李|b亞|c(中國文學, 1983-)
702 __ |a|b|4
801 _0 |atw|bCIP|c20081210|gCCR
801 _1 |atw|bCIP|c20081210|gCCR
801 _2 |atw|b國圖|c20090623|gCCR
|